000 00522nam a2200193Ia 4500
005 20250326143542.0
008 250326s9999 xx 000 0 und d
020 _a0-333-98080-8
037 _aTextbook
040 _aFMSL
_beng
_cFMSL
041 _aeng
_2eng
084 _aX:89M P2
_qFMSL
100 _aCopping A
_9748184
245 0 _aTimeless management
_cCopping A; Barratt J
260 _aNew York
_bNew York, Palgrave
_c2002
300 _a230p
942 _cTB
_hX:89M P2
999 _c1300059
_d1300059